|
|
|
|
| LEADER |
00852nam a2200229 a 4500 |
| 001 |
2348346 |
| 008 |
090615s1982 bg b 000 0 eng d |
| 010 |
|
|
|a 82903531
|
| 020 |
|
|
|c Tk60.00
|
| 040 |
|
|
|a DLC
|c DLC
|d DLC
|
| 082 |
0 |
0 |
|a 338.9549/2
|2 19
|
| 100 |
1 |
|
|a Sirajuddin, Muhammad.
|
| 245 |
1 |
0 |
|a Institutional support for planning and project management /
|c Muhammad Sirajuddin.
|
| 260 |
|
|
|a Dacca, Bangladesh :
|b Study Group,
|c 1982.
|
| 300 |
|
|
|a xvi, 121 p. ;
|c 22 cm.
|
| 504 |
|
|
|a Includes bibliographical references.
|
| 541 |
1 |
|
|e 00001079
|
| 651 |
|
0 |
|a Bangladesh
|x Economic policy.
|
| 651 |
|
0 |
|a Bangladesh
|x Social policy.
|
| 852 |
4 |
|
|a Ayesha Abed Library
|j General shelf
|
| 999 |
|
|
|c 1365
|d 1365
|
| 952 |
|
|
|0 0
|1 0
|2 ddc
|4 0
|6 338_954920000000000_SIR
|7 0
|9 1247
|a BRACUL
|b BRACUL
|c GEN
|d 2009-06-25
|g 60.00
|l 0
|o 338.95492 SIR
|p 3010001079
|r 2009-06-25
|t 1
|w 2009-06-25
|y BK
|